Schaums outlines abstract algebra Ed 2 (Record no. 241240)

MARC details
000 -LEADER
fixed length control field 01381nam a22002777a 4500
005 - DATE AND TIME OF LATEST TRANSACTION
control field 20260417132332.0
008 - FIXED-LENGTH DATA ELEMENTS--GENERAL INFORMATION
fixed length control field 260415b |||||||| |||| 00| 0 eng d
020 ## - INTERNATIONAL STANDARD BOOK NUMBER
International Standard Book Number 9789389538755
040 ## - CATALOGING SOURCE
Transcribing agency AL
041 ## - LANGUAGE CODE
Language code of text/sound track or separate title eng
082 ## - DEWEY DECIMAL CLASSIFICATION NUMBER
Classification number 512.02
Item number AYRS
100 ## - MAIN ENTRY--PERSONAL NAME
Personal name Frank Ayers
100 ## - MAIN ENTRY--PERSONAL NAME
9 (RLIN) 262070
245 ## - TITLE STATEMENT
Title Schaums outlines abstract algebra Ed 2
250 ## - EDITION STATEMENT
Edition statement 2
260 ## - PUBLICATION, DISTRIBUTION, ETC.
Place of publication, distribution, etc. New York
Name of publisher, distributor, etc. McGraw Hill Education India Pvt Ltd
Date of publication, distribution, etc. 2020
300 ## - PHYSICAL DESCRIPTION
Extent xiii,296p
Other physical details PB
Dimensions 28x20.5cm
365 ## - TRADE PRICE
Source of price type code Information Science and Engineering
Price type code VBI-2645
Price amount ₹543.75
Currency code
Unit of pricing ₹725.00
Price note 25%
Price effective from 20-02-2026
440 ## - SERIES STATEMENT/ADDED ENTRY--TITLE
Title Schaums outline series
9 (RLIN) 261613
520 ## - SUMMARY, ETC.
Summary, etc. This long-awaited revision provides a concise introduction to topics in abstract Algebra, taking full account of the major advances and developments that have occurred over the last half-century in the theoretical and conceptual aspects of the discipline, particularly in the areas of groups and fields. Key features include: 1. A new section on binary linear codes 2. New Chapter on Automorphisms and Galois theory 3. 450 fully solved problems and 420 supplementary problems for individual practice 4. More than 175 illustrative examples.
650 ## - SUBJECT ADDED ENTRY--TOPICAL TERM
Topical term or geographic name entry element Sets
9 (RLIN) 261607
650 ## - SUBJECT ADDED ENTRY--TOPICAL TERM
Topical term or geographic name entry element Relations and Operations
9 (RLIN) 261608
650 ## - SUBJECT ADDED ENTRY--TOPICAL TERM
Topical term or geographic name entry element Natural Numbers
9 (RLIN) 261609
650 ## - SUBJECT ADDED ENTRY--TOPICAL TERM
Topical term or geographic name entry element Integers
9 (RLIN) 261610
700 ## - ADDED ENTRY--PERSONAL NAME
Personal name Jaisingh, Lloyd R
9 (RLIN) 261611
942 ## - ADDED ENTRY ELEMENTS (KOHA)
Source of classification or shelving scheme Dewey Decimal Classification
Koha item type Book
Holdings
Withdrawn status Lost status Source of classification or shelving scheme Damaged status Not for loan Collection code Home library Current library Date acquired Source of acquisition Cost, normal purchase price Total Checkouts Full call number Barcode Date last seen Cost, replacement price Price effective from Koha item type
    Dewey Decimal Classification     Information Science and Engineering St Aloysius Engineering Library St Aloysius Engineering Library 04/13/2026 Vidyarthi books 543.75   512.02 AYRS SE000520 04/15/2026 725.00 02/20/2026 Book